Statistics for Foods that Start with R

Click here to take the quiz!

General Stats

  • This quiz has been taken 92,353 times
    (42,885 since last reset)
  • The average score is 10 of 14

Answer Stats

Answer% Correct
Raspberry
99%
Rice
99%
Raisins
96%
Ravioli
88%
Ribs
88%
Radish
86%
Ramen
83%
Rhubarb
64%
Rosemary
63%
Romaine
62%
Rigatoni
54%
Roe
51%
Reuben
45%
Ricotta
45%

Score Distribution

Percentile by Number Answered

Percent of People with Each Score

Your Score History

You have not taken this quiz since the last reset